000 01156nam0a22002891 4500
001 rc\272987
005 20260406193622.0
010 _a5-7539-0014-3
_92000
035 _a(NLR Aleph) 005487708
090 _a5174223
_c5174223
100 _a20030307d1990 |||y0rusy50 ca
101 0 _arus
102 _aRU
105 _aa |||||||||
200 1 _aВ.И. Ленин и Калмыкия
_eСб. документов и материалов
_fПарт. арх. Калм. обкома КПСС, Центр. гос. арх. Калм. АССР
_g[Составители З.Б. Очирова и др.]
205 _a3-е изд., испр. и доп.
210 _aЭлиста
_cКалм. кн. изд-во
_d1990
215 _a221, [1] с.
_cпортр.
_d22
320 _aБиблиогр. в примеч.: с. 193-198
320 _aУказ. имен и геогр.: с. 202-212
702 1 _aОчирова
_bЗ.Б.
_4220
712 0 2 _aКалмыцкий обл. партийный архив
_cЭлиста
_3RU\NLR\AUTH\889956397
_9408903
801 0 _aRU
_bNLR
_gpsbo
801 1 _aRU
_bELAR
_2rusmarc
852 _aNLR
_j90-3/3858
942 _cBOOK
980 _aNB